| Tag |
First Indicator |
Second Indicator |
Subfields |
| LEADER |
00000cam a2200000 i 4500 |
| 001 |
in00000029802 |
| 005 |
20151007062937.0 |
| 008 |
760723s1976 sp 00011 spa |
| 010 |
|
|
|a 76463605
|
| 015 |
|
|
|a Sp***
|
| 020 |
|
|
|a 8432202924
|
| 035 |
|
|
|a (OCoLC)02878065
|
| 035 |
|
|
|9 AAD6159AM
|
| 040 |
|
|
|a DLC
|c DLC
|d TXA
|d UtOrBLW
|
| 049 |
|
|
|a TXAM
|c [1160629]
|
| 050 |
0 |
0 |
|a PQ7797.C412
|b B3
|
| 082 |
0 |
|
|a 863
|
| 100 |
1 |
|
|a Chacel, Rosa,
|d 1898-1994.
|
| 245 |
1 |
0 |
|a Barrio de maravillas /
|c Rosa Chacel.
|
| 250 |
|
|
|a 1. ed.
|
| 264 |
|
1 |
|a Barcelona :
|b Editorial Seix Barral,
|c 1976.
|
| 300 |
|
|
|a 282 pages ;
|c 20 cm.
|
| 336 |
|
|
|a text
|b txt
|2 rdacontent
|
| 337 |
|
|
|a unmediated
|b n
|2 rdamedia
|
| 338 |
|
|
|a volume
|b nc
|2 rdacarrier
|
| 490 |
0 |
|
|a Biblioteca breve ; 386 : Novela
|
| 999 |
|
|
|a MARS
|
| 999 |
f |
f |
|s 7f540849-5ffa-3fe4-b577-bc4e5d650b4d
|i af9ccb9a-b19a-30db-9f68-9049f73afdeb
|t 0
|
| 952 |
f |
f |
|p ric
|a Texas A&M University
|b Rellis Campus
|c Joint Library Facility
|d Remote Storage
|t 0
|e PQ7797.C412 B3
|h Library of Congress classification
|i unmediated -- volume
|m A14803833182
|
| 998 |
f |
f |
|a PQ7797.C412 B3
|t 0
|l Remote Storage
|